Prehľad implementácií dynamickej množiny
Gespeichert in:
| 1. Verfasser: | |
|---|---|
| Weitere Verfasser: | |
| Format: | Manuskript Buch |
| Sprache: | Slowakisch |
| Veröffentlicht: |
2016
|
| Schlagworte: | |
| Online-Zugang: | http://is.stuba.sk/zp/portal_zp.pl?podrobnosti=106375 |
| Tags: |
Keine Tags, Fügen Sie das erste Tag hinzu!
|
MARC
| LEADER | 00000ntm a22000003a 4500 | ||
|---|---|---|---|
| 001 | stuzp59117 | ||
| 003 | SK-STU | ||
| 005 | 20160719155753.0 | ||
| 007 | ta | ||
| 008 | 150427s2015----xo-----f-mn---000-0-slo-d | ||
| 040 | |a STU |b slo | ||
| 041 | 0 | |a slo | |
| 100 | 1 | |a Flamík, Juraj |u 070200 |4 aut |U FIIT Fakulta informatiky a informačných technológií |T FIIT Ústav informatiky, informačných systémov a softvérového inžinierstva |X 72070 |U I200 |Y 179 |7 72070 | |
| 242 | 0 | 1 | |a Overview of implementation of dynamic data set |y eng |
| 245 | 1 | 0 | |a Prehľad implementácií dynamickej množiny |
| 260 | |c 2016 | ||
| 650 | 4 | |a dynamické dátové štruktúry |2 slo | |
| 650 | 4 | |a AVL strom |2 slo | |
| 650 | 4 | |a Red Black strom |2 slo | |
| 650 | 4 | |a Scapegoat strom |2 slo | |
| 650 | 4 | |a B-strom |2 slo | |
| 650 | 4 | |a stromové štruktúry |2 slo | |
| 650 | 4 | |a binárny vyhľadávací strom |2 slo | |
| 650 | 4 | |a dynamic data structures |2 eng | |
| 650 | 4 | |a tree structures |2 eng | |
| 650 | 4 | |a binary search tree |2 eng | |
| 650 | 4 | |a AVL tree |2 eng | |
| 650 | 4 | |a Red Black tree |2 eng | |
| 650 | 4 | |a Scapegoat tree |2 eng | |
| 650 | 4 | |a B-tree |2 eng | |
| 700 | 1 | |a Bečka, Martin |4 ths |X 62623 |7 62623 | |
| 856 | 4 | |u http://is.stuba.sk/zp/portal_zp.pl?podrobnosti=106375 | |
| 996 | |b 8159 |c I* BAP 140/2016 |l II680 |s P |a 0 |w stuzp59117_0001 | ||
| SQL | |a stuzp59117 |b DBP |c SLO |d Prehľad implementácií dynamickej množiny |e 72070 |f Flamík, Juraj |g 070200 |h 62623 |i Bečka, Martin |j 20160620 |k 202 |l 07 |m http://is.stuba.sk/zp/portal_zp.pl?podrobnosti=106375 |n B-INFO |o 9.2.1. informatika | ||